| 000 | 00466nam a2200169Ia 4500 | ||
|---|---|---|---|
| 005 | 20250423100852.0 | ||
| 008 | 250422s9999 xx 000 0 und d | ||
| 020 | _a0-86552-078-X | ||
| 050 | _aLB 2801 .A1 S35/ | ||
| 245 | 0 | _aSchool leadership : handbook for survival | |
| 260 | _aEugene, Or. | ||
| 260 | _bERIC Clearinghouse on Educational Management, University of Oregon | ||
| 260 | _c1983 | ||
| 300 | _a343 p | ||
| 650 | _aPortrait of leader | ||
| 942 | _cBK | ||
| 999 |
_c34590 _d34590 |
||